| 000 | 00000cam 22000008i 4500 |
| 001 | 9.954481 |
| 003 | CaOODSP |
| 005 | 20260220132658 |
| 006 | m o d f |
| 007 | cr mn||||||||| |
| 008 | 250826e202506##onca ob f000 0 fre d |
| 020 | |a9780660786469 |
| 040 | |aCaOODSP|bfre|erda|cCaOODSP |
| 043 | |an-cn--- |
| 086 | 1 |aIu37-59/2025F-PDF |
| 245 | 00|aGestion des signalements publics de phénomènes aériens non identifiés au Canada : |brapport sur le projet Ciel Canada. |
| 264 | 1|aOttawa (Ontario) : |bBureau du conseillère scientifique en chef du Canada = Office of the Chief Science Advisor of Canada, |cjuin 2025. |
| 264 | 4|c©2025 |
| 300 | |a1 ressource en ligne (59 pages) : |billustrations (principalement en couleur) |
| 336 | |atexte|btxt|2rdacontent/fre |
| 337 | |ainformatique|bc|2rdamedia/fre |
| 338 | |aressource en ligne|bcr|2rdacarrier/fre |
| 500 | |aPublié aussi en anglais sous le titre : Management of public reporting of unidentified aerial phenomena in Canada: report of the Sky Canada Project. |
| 504 | |aComprend des références bibliographiques (pages 55-[58]). |
| 520 | |a« Au début de 2023, le Bureau de la Conseillère scientifique en chef du Canada a annoncé la création du projet Ciel Canada. Au moment de son lancement, les objectifs principaux du projet étaient les suivants : examiner les méthodes actuelles de signalement des phénomènes aériens non identifiés (PANI) au Canada et proposer des améliorations, au besoin; permettre au gouvernement fédéral du Canada d'optimiser la collecte et l'analyse des observations de PANI de manière transparente; fournir des informations permettant d'établir de meilleurs outils de lutte contre la mésinformation et la désinformation; encourager les sciences participatives et favoriser la compréhension des phénomènes aériens par le public; appuyer la surveillance de l'espace aérien du Canada. … Ce rapport présente les constats du projet Ciel Canada, qui comprennent les éléments suivants : les défis associés à la collecte et à l'analyse de données fiables sur les observations de PANI; un examen des pratiques antécédentes du gouvernement fédéral du Canada en matière de rapports sur les PANI; une description de la façon dont les ministères et organismes du gouvernement canadien reçoivent et gèrent actuellement les informations liées aux PANI fournies par leurs partenaires et par le public, ainsi qu'un aperçu des groupes non gouvernementaux qui reçoivent également des signalements d'observation de PANI de la part du public; un résumé des approches adoptées par quelques autres pays. Le rapport propose quatorze recommandations visant à améliorer le signalement des observations de PANI et la collecte de données à leur sujet au Canada » -- Objectifs, page 13. |
| 650 | 6|aOvnis|xObservations et rencontres|zCanada. |
| 650 | 6|aOvnis|xPolitique gouvernementale|zCanada. |
| 650 | 6|aOvnis|xObservations et rencontres|zCanada|xOpinion publique. |
| 650 | 6|aOvnis|xPolitique gouvernementale|zCanada|xOpinion publique. |
| 650 | 6|aOpinion publique|zCanada. |
| 710 | 1 |aCanada. |bBureau de la conseillère scientifique en chef, |eorganisme de publication. |
| 775 | 08|tManagement of public reporting of unidentified aerial phenomena in Canada : |w(CaOODSP)9.954480 |
| 776 | 0#|tGestion des signalements publics de phénomènes aériens non identifiés au Canada.|w(CaOODSP)9.954483 |
| 856 | 40|qPDF|s3.95 Mo|uhttps://publications.gc.ca/collections/collection_2026/isde-ised/Iu37-59-2025-fra.pdf |
| 856 | 4 |qHTML|sS.O.|uhttps://science.gc.ca/site/science/fr/bureau-conseillere-scientifique-chef/projet-ciel-canada/gestion-signalements-publics-phenomenes-aeriens-non-identifies-canada |